000 00395nam a2200121Ia 4500
008 170221s9999 xx 000 0 und d
100 _aBell, R. Mark
245 _aCharismatic Leadership Case Study with Ronald Reagan as Exemplar
245 _cR. Mark Bell
260 _c2014
650 _xBusiness
856 _uhttp://www.regent.edu/acad/global/publications/elj/vol6iss1/4elj_vol6iss1_bell.pdf
999 _c309386
_d309386